[Event "CYCC U12 w"]
[Site "Windsor CAN"]
[Date "2016.07.05"]
[Round "1.75"]
[White "Tan, Kylie"]
[Black "Yang, Elena"]
[Result "1-0"]
[WhiteElo "1620"]
[BlackElo "1159"]
[PlyCount "103"]
[EventDate "2016.07.05"]
[EventType "swiss"]
[EventRounds "7"]
[EventCountry "CAN"]

1. e4 e5 2. Nf3 Nc6 3. Bc4 Bc5 4. c3 d6 5. d3 h6 6. O-O Nf6 7. Nbd2 O-O 8. Bb3
Re8 9. Re1 a6 10. Nf1 Be6 11. Bc2 Ne7 12. Ng3 Ng4 13. Rf1 Ng6 14. h3 Nf6 15.
Be3 Ba7 16. Qe1 c6 17. Bxa7 Rxa7 18. Qe3 Ra8 19. d4 Qc7 20. Rfd1 Nf4 21. b3
Rad8 22. c4 Bc8 23. Rac1 b5 24. c5 Ng6 25. cxd6 Rxd6 26. dxe5 Nxe5 27. Nxe5
Rxe5 28. Rxd6 Qxd6 29. f4 Qc5 30. Qxc5 Rxc5 31. e5 Nd7 32. Ne4 Rd5 33. Nd6 Nb6
34. Be4 Be6 35. Bxd5 Bxd5 36. Nf5 Kf8 37. Nd4 Nd7 38. Nxc6 f5 39. Nb4 Bxb3 40.
axb3 a5 41. Nc6 a4 42. bxa4 bxa4 43. Nb4 Nb6 44. Rc6 Nd7 45. Ra6 Nc5 46. Ra5
Nd7 47. Rxa4 Nxe5 48. fxe5 Ke7 49. Ra6 f4 50. e6 h5 51. Nd5+ Kd8 52. Ra8# 1-0

[Event "CYCC U12 w"]
[Site "Windsor CAN"]
[Date "2016.07.05"]
[Round "1.76"]
[White "Lin, Alle"]
[Black "He, Emma"]
[Result "0-1"]
[WhiteElo "1108"]
[BlackElo "1474"]
[PlyCount "104"]
[EventDate "2016.07.05"]
[EventType "swiss"]
[EventRounds "7"]
[EventCountry "CAN"]

1. e4 e5 2. Nf3 Nc6 3. Bc4 Nf6 4. Ng5 d5 5. exd5 Na5 6. Bb5+ c6 7. dxc6 bxc6 8.
Ba4 Bd7 9. d4 exd4 10. Qxd4 Be7 11. O-O O-O 12. b4 Nb7 13. Qd3 h6 14. b5 Nc5
15. Qd4 Nxa4 16. Qxa4 cxb5 17. Qd4 hxg5 18. Bxg5 Nh7 19. Bd2 Bf6 20. Qd5 Bxa1
21. Bb4 Re8 22. Na3 Nf6 23. Qd3 Be5 24. Nxb5 Bxb5 25. Qxb5 Bxh2+ 26. Kh1 Qb6
27. Qc4 Rac8 28. Qh4 Nd5 29. Bd2 Bf4 30. Bxf4 Nxf4 31. Qxf4 Qh6+ 32. Qxh6 gxh6
33. Rc1 Re2 34. c4 Rxa2 35. Kg1 Ra5 36. g3 Rac5 37. Ra1 R8c7 38. Rd1 Rxc4 39.
Rd8+ Kg7 40. Kg2 a5 41. Rd3 a4 42. f4 Ra7 43. Ra3 Rb4 44. Kf2 Rb3 45. Ra2 a3
46. Ke2 Rb2+ 47. Rxb2 axb2 48. Kd2 b1=Q 49. Kc3 Rd7 50. Kc4 Qc1+ 51. Kb3 Rb7+
52. Ka2 Qb2# 0-1

[Event "CYCC U12 w"]
[Site "Windsor CAN"]
[Date "2016.07.05"]
[Round "1.77"]
[White "Tian, Sherry"]
[Black "D'Hondt, Sarah"]
[Result "1-0"]
[WhiteElo "1387"]
[BlackElo "967"]
[PlyCount "63"]
[EventDate "2016.07.05"]
[EventType "swiss"]
[EventRounds "7"]
[EventCountry "CAN"]

1. d4 Nf6 2. Nf3 d6 3. b3 c6 4. Bb2 c5 5. dxc5 Qa5+ 6. Nc3 dxc5 7. e3 a6 8. Be2
g6 9. O-O Nfd7 10. Nd5 f6 11. Qd2 Qxd2 12. Nxd2 e6 13. Nc7+ Kd8 14. Nxa8 b6 15.
Nxb6 Nxb6 16. Bxf6+ Be7 17. Bxh8 Bd7 18. Nc4 Bb5 19. Rfe1 N8d7 20. Rad1 Bh4 21.
Nxb6 Kc7 22. Bxb5 Nxb6 23. Be5+ Kb7 24. Be8 a5 25. Rd6 Ka6 26. Bc6 a4 27. c3 c4
28. Red1 axb3 29. axb3 cxb3 30. Ra1+ Na4 31. Bd4 b2 32. Rxa4# 1-0

[Event "CYCC U12 w"]
[Site "Windsor CAN"]
[Date "2016.07.05"]
[Round "1.78"]
[White "Farkas, Jezzel"]
[Black "Chertkow, Sasha"]
[Result "0-1"]
[WhiteElo "925"]
[BlackElo "1187"]
[PlyCount "118"]
[EventDate "2016.07.05"]
[EventType "swiss"]
[EventRounds "7"]
[EventCountry "CAN"]

1. d4 d5 2. c4 Nf6 3. cxd5 Nxd5 4. e4 Nf6 5. Nc3 Nc6 6. Bb5 a6 7. Bxc6+ bxc6 8.
Nf3 Bg4 9. Be3 e6 10. a3 Be7 11. O-O O-O 12. h3 Bh5 13. Rc1 Rb8 14. Rc2 h6 15.
g4 Bg6 16. Nd2 Nd5 17. Nxd5 exd5 18. Rxc6 dxe4 19. Qc2 Bd6 20. Nc4 f5 21. Nxd6
cxd6 22. f3 Kh7 23. Bf4 Rb6 24. fxe4 fxe4 25. Rxb6 Qxb6 26. Qf2 d5 27. Bc7 Rxf2
28. Bxb6 Rxb2 29. Bc5 Rb3 30. Kh2 e3 31. Re1 Rb2+ 32. Kg3 e2 33. Kf3 Bd3 34.
Kf4 g5+ 35. Ke3 Rb3 36. Bb4 Bc4+ 37. Kf2 Rxh3 38. Kg2 Re3 39. Kf2 Re4 40. Kg3
Rxd4 41. Kf3 Rf4+ 42. Kg3 Rf1 43. Kg2 Rxe1 44. Bxe1 Kg6 45. Kf3 Kf6 46. Ke3 Ke5
47. Bc3+ Ke6 48. Kf2 Kf7 49. Bd2 Kg6 50. Kf3 h5 51. gxh5+ Kxh5 52. Kg3 g4 53.
Bc3 Kg5 54. Bd2+ Kf5 55. Be1 d4 56. Bd2 Ke4 57. Kxg4 Kd3 58. Be1 Kc2 59. Kg3 d3
0-1

[Event "CYCC U12 w"]
[Site "Windsor CAN"]
[Date "2016.07.05"]
[Round "1.80"]
[White "Periappuram, Moira"]
[Black "Boucher, Myriam"]
[Result "1-0"]
[WhiteElo "542"]
[BlackElo "1167"]
[PlyCount "137"]
[EventDate "2016.07.05"]
[EventType "swiss"]
[EventRounds "7"]
[EventCountry "CAN"]

1. e4 e5 2. Nf3 Nc6 3. Bc4 Nf6 4. Nc3 Bb4 5. O-O Bxc3 6. bxc3 Nxe4 7. Ba3 d6 8.
h3 O-O 9. Bd3 Nf6 10. Qe2 Re8 11. Rab1 e4 12. Bb5 exf3 13. Qxf3 Bd7 14. Ba4 Rb8
15. c4 Ne5 16. Qb3 Bxa4 17. Qxa4 a6 18. Rfe1 c6 19. Bb2 b5 20. cxb5 cxb5 21.
Qf4 h6 22. Bxe5 dxe5 23. Qe3 e4 24. h4 Rc8 25. c3 Ng4 26. Qg3 h5 27. Rb4 Nf6
28. Qg5 a5 29. Rxb5 Ra8 30. Re3 Qxd2 31. Rg3 Qxg5 32. Rgxg5 a4 33. Rb6 Rad8 34.
Rxf6 g6 35. Ra6 Rd3 36. c4 Ra3 37. Rga5 Rxa2 38. Rxa4 Rc2 39. f3 e3 40. Ra8
Rxa8 41. Rxa8+ Kg7 42. Ra3 e2 43. Kf2 Kh6 44. Ra7 f6 45. Rc7 g5 46. hxg5+ fxg5
47. c5 g4 48. fxg4 hxg4 49. g3 Kg5 50. c6 Kf5 51. Rc8 Ke4 52. c7 Kd3 53. Rd8+
Ke4 54. c8=Q Rxc8 55. Rxc8 Kd3 56. Rd8+ Kc2 57. Kxe2 Kc3 58. Rd3+ Kc4 59. Kd2
Kc5 60. Kc3 Kc6 61. Kc4 Kc7 62. Rd5 Kc6 63. Kd4 Kc7 64. Kc5 Kb7 65. Rd6 Ka7 66.
Kb5 Kb7 67. Rd7+ Kb8 68. Kb6 Ka8 69. Rd8# 1-0

[Event "CYCC U12 w"]
[Site "Windsor CAN"]
[Date "2016.07.06"]
[Round "2.73"]
[White "Chertkow, Sasha"]
[Black "Tan, Kylie"]
[Result "0-1"]
[WhiteElo "1187"]
[BlackElo "1620"]
[PlyCount "80"]
[EventDate "2016.07.05"]
[EventType "swiss"]
[EventRounds "7"]
[EventCountry "CAN"]

1. e4 d5 2. exd5 Qxd5 3. Nc3 Qa5 4. Nf3 Bg4 5. Be2 Nc6 6. d4 O-O-O 7. O-O Bxf3
8. Bxf3 Nxd4 9. Be3 Nxf3+ 10. Qxf3 Nf6 11. a3 a6 12. b4 Qe5 13. Na4 e6 14. Bf4
Qf5 15. Qe3 Nd5 16. Qa7 Qxf4 17. c4 Qxc4 18. Rac1 Qb5 19. Rxc7+ Kxc7 20. Rc1+
Kd7 21. Nc5+ Bxc5 22. Rxc5 Rc8 23. h3 Rxc5 24. bxc5 Qc6 25. f3 Nc3 26. Kf2 Nb5
27. Qb6 Qxb6 28. cxb6 Nxa3 29. h4 Nc4 30. f4 Nxb6 31. h5 Nd5 32. g3 b5 33. Ke2
b4 34. Kd3 Rc8 35. Kd2 b3 36. Kd3 b2 37. Kd2 b1=Q 38. Ke2 Qb3 39. Kf2 Rc2+ 40.
Ke1 Qb1# 0-1

[Event "CYCC U12 w"]
[Site "Windsor CAN"]
[Date "2016.07.06"]
[Round "2.74"]
[White "He, Emma"]
[Black "Periappuram, Moira"]
[Result "0-1"]
[WhiteElo "1474"]
[BlackElo "542"]
[PlyCount "63"]
[EventDate "2016.07.05"]
[EventType "swiss"]
[EventRounds "7"]
[EventCountry "CAN"]

1. e4 e5 2. Nf3 Nc6 3. Bc4 Bc5 4. c3 Nf6 5. d4 exd4 6. cxd4 Be7 7. Nc3 O-O 8.
O-O d6 9. h3 Bd7 10. Bg5 h6 11. Be3 Na5 12. Bd3 Bc6 13. b4 Bb5 14. Bxb5 Nc6 15.
a3 a6 16. Bxc6 bxc6 17. e5 dxe5 18. dxe5 Qxd1 19. Raxd1 Nh7 20. Nd4 Rad8 21.
Nxc6 Rxd1 22. Nxe7+ Kh8 23. Rxd1 Re8 24. Nf5 f6 25. e6 Nf8 26. e7 Ne6 27. Nd5
c6 28. Nf4 Ng5 29. Rd8 Rxd8 30. exd8=Q+ Kh7 31. Qe7 Kh8 32. Qxg7# 0-1

[Event "CYCC U12 w"]
[Site "Windsor CAN"]
[Date "2016.07.06"]
[Round "2.75"]
[White "Everitt, Marie"]
[Black "Tian, Sherry"]
[Result "0-1"]
[WhiteElo "743"]
[BlackElo "1387"]
[PlyCount "66"]
[EventDate "2016.07.05"]
[EventType "swiss"]
[EventRounds "7"]
[EventCountry "CAN"]

1. Nf3 Nf6 2. g3 g6 3. Bg2 Bg7 4. O-O O-O 5. d4 d5 6. Nc3 Bf5 7. Na4 Nbd7 8. c3
c6 9. Nc5 Nxc5 10. dxc5 Ne4 11. Be3 e5 12. Qd3 Nxg3 13. Bg5 Bxd3 14. Bxd8 Nxe2+
15. Kh1 Raxd8 16. Rfd1 Nf4 17. Bf1 Bxf1 18. Rxf1 Nd3 19. b4 e4 20. Nd2 Bxc3 21.
Rad1 Bxd2 22. Rxd2 Kg7 23. a3 f5 24. f3 Kf6 25. fxe4 dxe4 26. Rfd1 Nf2+ 27.
Rxf2 Rxd1+ 28. Kg2 e3 29. Re2 Rd2 30. Kf3 Rxe2 31. Kxe2 f4 32. Kf3 Rd8 33. Kxf4
e2 0-1

[Event "CYCC U12 w"]
[Site "Windsor CAN"]
[Date "2016.07.06"]
[Round "2.77"]
[White "Boucher, Myriam"]
[Black "Lin, Alle"]
[Result "0-1"]
[WhiteElo "1167"]
[BlackElo "1108"]
[PlyCount "104"]
[EventDate "2016.07.05"]
[EventType "swiss"]
[EventRounds "7"]
[EventCountry "CAN"]

1. e4 e5 2. Nf3 Nc6 3. Nc3 Nf6 4. Bb5 a6 5. Ba4 Bc5 6. Nxe5 Bxf2+ 7. Kxf2 Nxe5
8. d4 Nc4 9. Bg5 Nxb2 10. Qb1 Nxa4 11. Nxa4 Nxe4+ 12. Kg1 Qxg5 13. Qe1 d5 14.
Nc3 Qf5 15. Nxe4 dxe4 16. Qe3 O-O 17. Re1 Re8 18. Rf1 Qa5 19. Ra1 b5 20. a3 Bb7
21. h3 Qb6 22. Kh2 Rad8 23. c3 a5 24. Rhd1 b4 25. Rab1 b3 26. Rd2 a4 27. g3 c5
28. h4 cxd4 29. cxd4 Qd6 30. Ra1 Qd5 31. Rc1 Rc8 32. Rb1 Rc2 33. Rxc2 bxc2 34.
Rc1 Qa2 35. Qc3 Rc8 36. Qe3 Qb2 37. g4 Rc3 38. Qg5 Qxa3 39. Qd8+ Qf8 40. Qg5
Qd6+ 41. Kg2 e3+ 42. Kf1 e2+ 43. Ke1 Qg3+ 44. Kd2 e1=Q+ 45. Rxe1 Qd3+ 46. Kc1
Rc8 47. Qe5 Qa3+ 48. Kd2 c1=Q+ 49. Rxc1 Qxc1+ 50. Kd3 Rc3+ 51. Ke2 Qb2+ 52. Kd1
Rc1# 0-1

[Event "CYCC U12 w"]
[Site "Windsor CAN"]
[Date "2016.07.06"]
[Round "2.78"]
[White "Yang, Elena"]
[Black "Farkas, Jezzel"]
[Result "1-0"]
[WhiteElo "1159"]
[BlackElo "925"]
[PlyCount "57"]
[EventDate "2016.07.05"]
[EventType "swiss"]
[EventRounds "7"]
[EventCountry "CAN"]

1. e4 c5 2. Nf3 Nc6 3. d4 cxd4 4. Nxd4 Qb6 5. Nb3 Nf6 6. Nc3 e6 7. Bd3 a6 8.
Be3 Qc7 9. a3 b5 10. O-O Be7 11. Qd2 O-O 12. h3 Bb7 13. Nc5 Bxc5 14. Bxc5 d6
15. Be3 Rac8 16. Bg5 Nd7 17. Qe2 Nde5 18. Rad1 Nxd3 19. Rxd3 h6 20. Bf4 Rcd8
21. Rg3 Kh7 22. Qh5 Ne5 23. Bg5 Rd7 24. f4 Ng6 25. f5 exf5 26. exf5 Qc5+ 27.
Be3 Nf4 28. Rxf4 Qxe3+ 29. Rxe3 1-0

[Event "CYCC U12 w"]
[Site "Windsor CAN"]
[Date "2016.07.06"]
[Round "3.73"]
[White "Tan, Kylie"]
[Black "He, Emma"]
[Result "0-1"]
[WhiteElo "1620"]
[BlackElo "1474"]
[PlyCount "138"]
[EventDate "2016.07.05"]
[EventType "swiss"]
[EventRounds "7"]
[EventCountry "CAN"]

1. e4 e5 2. Nf3 Nc6 3. Bc4 Nf6 4. d3 Be7 5. O-O O-O 6. Re1 d6 7. c3 Na5 8. Bb5
c5 9. Ba4 Bg4 10. Nbd2 a6 11. Nf1 b5 12. Bc2 Nc6 13. h3 Bd7 14. Ne3 Qb6 15. Bd2
Be6 16. Bb3 Bxb3 17. Qxb3 g6 18. Qd1 Rad8 19. Nd5 Nxd5 20. exd5 Nb8 21. Nh2 f5
22. b3 Nd7 23. c4 Nf6 24. Nf1 bxc4 25. dxc4 Ne4 26. Be3 Bg5 27. Bxg5 Nxg5 28.
Nd2 Nf7 29. Qc1 Qb7 30. Nf3 e4 31. Ng5 Nxg5 32. Qxg5 Rfe8 33. Re3 Qe7 34. Qxe7
Rxe7 35. Rae1 Rde8 36. f3 Kf7 37. Kf2 exf3 38. gxf3 Rxe3 39. Rxe3 Rxe3 40. Kxe3
g5 41. Kf2 Kf6 42. Kg2 Ke5 43. Kf2 h6 44. Ke3 h5 45. Kf2 Kd4 46. a3 a5 47. Ke2
Kc3 48. b4 axb4 49. axb4 Kxb4 50. Kd3 g4 51. h4 g3 52. Ke3 Kxc4 53. f4 g2 54.
Kf2 Kxd5 55. Kxg2 Kd4 56. Kf3 Kd3 57. Kf2 Kd2 58. Kf3 c4 59. Kf2 c3 60. Kf3 c2
61. Kf2 c1=Q 62. Kf3 Qf1+ 63. Kg3 Ke3 64. Kh2 Qxf4+ 65. Kg2 Qf2+ 66. Kh3 Qf3+
67. Kh2 Qg4 68. Kh1 Kf2 69. Kh2 Qg2# 0-1

[Event "CYCC U12 w"]
[Site "Windsor CAN"]
[Date "2016.07.06"]
[Round "3.74"]
[White "Tian, Sherry"]
[Black "Chertkow, Sasha"]
[Result "1-0"]
[WhiteElo "1387"]
[BlackElo "1187"]
[PlyCount "121"]
[EventDate "2016.07.05"]
[EventType "swiss"]
[EventRounds "7"]
[EventCountry "CAN"]

1. d4 d5 2. Nf3 Nc6 3. b3 Nf6 4. Bb2 Bg4 5. e3 a6 6. Be2 e6 7. O-O Bd6 8. c4
O-O 9. Nbd2 Re8 10. Ne5 Bxe2 11. Qxe2 Nd7 12. Nxc6 bxc6 13. c5 Be7 14. e4 e5
15. exd5 cxd5 16. c6 Nb8 17. dxe5 Nxc6 18. Nf3 Bf6 19. Rfe1 Bg5 20. Qc2 h6 21.
Qxc6 Re6 22. Qc2 Qe7 23. Nxg5 Qxg5 24. Qc1 Qg4 25. Qe3 Rg6 26. g3 Rg5 27. Qe2
Qh3 28. Qf3 Re8 29. Qg2 Qf5 30. Qxd5 Qc2 31. Rab1 c6 32. Qe4 Qc5 33. Rec1 Qe7
34. Qxc6 Rf5 35. Rd1 Rf8 36. Qd6 Qa7 37. Qd4 Qb7 38. Qd5 Qb6 39. Bd4 Qg6 40.
Qe4 Qe6 41. Bb2 g6 42. Rd6 Qc8 43. Qc6 Qb8 44. Qxa6 Kh7 45. Qb6 Qa8 46. Qa6 Qf3
47. Qf1 Rc8 48. Rd3 Qe4 49. Rc3 Rd8 50. Qe1 Qb7 51. Rd1 Re8 52. Re3 Qa7 53. a3
Rc8 54. Qe2 Rc7 55. g4 Rf4 56. Re4 Rxe4 57. Qxe4 Rb7 58. b4 Rc7 59. Qd4 Qb7 60.
e6 fxe6 61. Qh8# 1-0

[Event "CYCC U12 w"]
[Site "Windsor CAN"]
[Date "2016.07.06"]
[Round "3.76"]
[White "Lin, Alle"]
[Black "Everitt, Marie"]
[Result "1-0"]
[WhiteElo "1108"]
[BlackElo "743"]
[PlyCount "69"]
[EventDate "2016.07.05"]
[EventType "swiss"]
[EventRounds "7"]
[EventCountry "CAN"]

1. e4 d6 2. d4 Nf6 3. Nc3 g6 4. Nf3 Bg7 5. Bg5 O-O 6. Bd3 Bg4 7. Be2 c5 8. d5
Nbd7 9. h3 Bxf3 10. Bxf3 Ne5 11. g4 Nxf3+ 12. Qxf3 Qb6 13. O-O-O e6 14. Bxf6
Bxf6 15. Qxf6 Qd8 16. e5 dxe5 17. Qxe5 a6 18. dxe6 Qe7 19. Rd7 Qxe6 20. Re7
Rae8 21. Rxe6 Rxe6 22. Qxc5 b6 23. Qd4 b5 24. Ne4 f5 25. gxf5 gxf5 26. Rg1+ Rg6
27. Rxg6+ hxg6 28. Qd5+ Kg7 29. Qd7+ Rf7 30. Qd4+ Kh6 31. Qe3+ f4 32. Qf3 Kh7
33. Ng5+ Kg7 34. Nxf7 Kxf7 35. Qxf4+ 1-0

[Event "CYCC U12 w"]
[Site "Windsor CAN"]
[Date "2016.07.06"]
[Round "3.77"]
[White "Periappuram, Moira"]
[Black "D'Hondt, Sarah"]
[Result "1-0"]
[WhiteElo "542"]
[BlackElo "967"]
[PlyCount "37"]
[EventDate "2016.07.05"]
[EventType "swiss"]
[EventRounds "7"]
[EventCountry "CAN"]

1. e4 e5 2. Nf3 d6 3. Bc4 c6 4. Nc3 b5 5. Be2 d5 6. d3 dxe4 7. Nxe4 Qa5+ 8. Bd2
b4 9. O-O g6 10. d4 h5 11. dxe5 f5 12. Nd6+ Kd7 13. Nxc8 Kxc8 14. Bg5 Bg7 15.
e6 Bxb2 16. Rb1 Bc3 17. Bf4 Nh6 18. Bxb8 Rxb8 19. Qd7# 1-0

[Event "CYCC U12 w"]
[Site "Windsor CAN"]
[Date "2016.07.06"]
[Round "3.78"]
[White "Farkas, Jezzel"]
[Black "Boucher, Myriam"]
[Result "1-0"]
[WhiteElo "925"]
[BlackElo "1167"]
[PlyCount "87"]
[EventDate "2016.07.05"]
[EventType "swiss"]
[EventRounds "7"]
[EventCountry "CAN"]

1. d4 d5 2. c4 dxc4 3. e3 b5 4. a4 Ba6 5. axb5 Bxb5 6. Bxc4 Bxc4 7. Qa4+ c6 8.
Qxc4 Nf6 9. Nf3 e6 10. O-O Bd6 11. Nc3 O-O 12. e4 Nbd7 13. e5 Nb6 14. Qxc6 Bxe5
15. dxe5 Nfd7 16. Qd6 Nc4 17. Qd4 Ndxe5 18. Qxd8 Rfxd8 19. Nxe5 Nxe5 20. Be3 a5
21. Na4 Nc4 22. Bf4 e5 23. b3 exf4 24. bxc4 Rd4 25. c5 Rc8 26. Rfc1 Rc6 27. Rd1
Rxd1+ 28. Rxd1 h6 29. h3 Rg6 30. Kf1 Re6 31. Re1 Rc6 32. Re8+ Kh7 33. Ra8 f5
34. Rxa5 Kg6 35. Rb5 Ra6 36. Rb6+ Rxb6 37. cxb6 Kg5 38. b7 h5 39. b8=Q Kh4 40.
Qd8+ g5 41. g3+ fxg3 42. fxg3+ Kxh3 43. Qxg5 Kh2 44. Qh4# 1-0

[Event "CYCC U12 w"]
[Site "Windsor CAN"]
[Date "2016.07.07"]
[Round "4.73"]
[White "He, Emma"]
[Black "Tian, Sherry"]
[Result "0-1"]
[WhiteElo "1474"]
[BlackElo "1387"]
[PlyCount "104"]
[EventDate "2016.07.05"]
[EventType "swiss"]
[EventRounds "7"]
[EventCountry "CAN"]

1. e4 e6 2. d4 d5 3. e5 c5 4. c3 Nc6 5. Nf3 Bd7 6. Be2 Qb6 7. O-O cxd4 8. cxd4
Nge7 9. b3 Nf5 10. Bb2 Be7 11. Qd2 O-O 12. Rd1 Rac8 13. Bd3 f6 14. Bxf5 exf5
15. Nc3 Be6 16. Re1 fxe5 17. Nxe5 Qxd4 18. Qxd4 Nxd4 19. Nxd5 Bxd5 20. Bxd4 b6
21. h3 Rfd8 22. Be3 Bb4 23. Bg5 Re8 24. Re2 Bc3 25. Rd1 Bxb3 26. axb3 Rxe5 27.
Rxe5 Bxe5 28. Rd5 Rc5 29. Rd8+ Kf7 30. Rd7+ Kg6 31. Be3 Rc7 32. Rd5 Kf6 33. f4
Bb2 34. Kf2 Ke6 35. Rd8 Rc3 36. Ra8 Rxb3 37. Rxa7 Kd5 38. Rf7 Bf6 39. Ke2 Ke4
40. Bd2 b5 41. Rb7 Kd4 42. Kd1 Kc4 43. Kc2 Rb2+ 44. Kd1 b4 45. Rc7+ Kd3 46.
Rd7+ Bd4 47. Rb7 Rxd2+ 48. Kc1 Rxg2 49. Kb1 Rg1+ 50. Ka2 b3+ 51. Rxb3+ Bc3 52.
Rb7 Ra1+ 0-1

[Event "CYCC U12 w"]
[Site "Windsor CAN"]
[Date "2016.07.06"]
[Round "4.74"]
[White "Lin, Alle"]
[Black "Tan, Kylie"]
[Result "0-1"]
[WhiteElo "1108"]
[BlackElo "1620"]
[PlyCount "124"]
[EventDate "2016.07.05"]
[EventType "swiss"]
[EventRounds "7"]
[EventCountry "CAN"]

1. e4 d5 2. exd5 Qxd5 3. Nc3 Qa5 4. d4 Nf6 5. Nf3 Bg4 6. Bc4 Nc6 7. Bd2 Qh5 8.
Be3 O-O-O 9. Be2 h6 10. h3 e5 11. Rg1 exd4 12. hxg4 Qc5 13. Nxd4 Nxd4 14. Qd2
Qe5 15. f4 Qd6 16. O-O-O Nxe2+ 17. Qxe2 Qe6 18. Rxd8+ Kxd8 19. Rd1+ Kc8 20. Kb1
Nxg4 21. Qd3 Be7 22. Re1 Rd8 23. Qe2 Bh4 24. Rh1 Nxe3 25. Rxh4 Nf5 26. Qxe6+
fxe6 27. Rh1 Rd2 28. g4 Ne3 29. Re1 Rf2 30. Kc1 Rf1 31. Rxf1 Nxf1 32. Ne4 b6
33. Kd1 Ne3+ 34. Kd2 Nxg4 35. Ng3 Nf6 36. f5 e5 37. Kd3 Kd7 38. Ne4 Nxe4 39.
Kxe4 Kd6 40. b4 a5 41. a3 axb4 42. axb4 b5 43. c3 c6 44. Kf3 Kd5 45. Ke3 h5 46.
Kf3 e4+ 47. Kf4 h4 48. Kg5 Ke5 49. Kg6 e3 50. Kg5 h3 51. Kg4 h2 52. Kf3 h1=Q+
53. Kxe3 Qh3+ 54. Kd2 Kxf5 55. Kc2 g5 56. Kd2 g4 57. Ke2 g3 58. Kf3 g2+ 59. Kf2
Qg4 60. Ke3 g1=Q+ 61. Kd2 Qf2+ 62. Kd3 Qfe2# 0-1

[Event "CYCC U12 w"]
[Site "Windsor CAN"]
[Date "2016.07.07"]
[Round "4.75"]
[White "Yang, Elena"]
[Black "Periappuram, Moira"]
[Result "1-0"]
[WhiteElo "1159"]
[BlackElo "542"]
[PlyCount "119"]
[EventDate "2016.07.05"]
[EventType "swiss"]
[EventRounds "7"]
[EventCountry "CAN"]

1. e4 e5 2. Nf3 Nc6 3. Bb5 Bd6 4. O-O Nf6 5. d3 h6 6. a3 O-O 7. Be3 a6 8. Bc4
b5 9. Ba2 Be7 10. Nc3 d6 11. h3 Be6 12. Ne2 Qd7 13. Bxe6 fxe6 14. Ng3 Qe8 15.
Nh2 Qg6 16. c3 Rad8 17. Nf3 Nh5 18. Nh4 Bxh4 19. Qxh5 Qf6 20. d4 Bxg3 21. fxg3
Qe7 22. Rxf8+ Rxf8 23. Rd1 Qf6 24. Qg4 d5 25. exd5 exd5 26. Qd7 Qg6 27. Qxd5+
Kh8 28. Qc5 Re8 29. dxe5 Nxe5 30. Qxc7 Qxg3 31. Qc5 Nf3+ 32. Kf1 Nh2+ 33. Kg1
Rxe3 34. Rd8+ Kh7 35. Qf5+ Qg6 36. Rh8+ Kxh8 37. Qxg6 Re2 38. Kxh2 Rxb2 39.
Qxa6 Kg8 40. a4 b4 41. Qc4+ Kh8 42. Qxb4 Rxb4 43. cxb4 Kg8 44. a5 Kf8 45. a6
Ke7 46. a7 Kd6 47. a8=Q Ke5 48. Qf8 Kd4 49. Qxg7+ Kc4 50. Qd7 Kxb4 51. Qc8 Kb5
52. Qc3 Ka4 53. Qb2 Ka5 54. Kg3 Ka6 55. Kf4 Ka7 56. Ke5 Ka6 57. Qb4 Ka7 58. Kd6
Ka6 59. Kc7 Ka7 60. Qb7# 1-0

[Event "CYCC U12 w"]
[Site "Windsor CAN"]
[Date "2016.07.07"]
[Round "4.77"]
[White "Everitt, Marie"]
[Black "Farkas, Jezzel"]
[Result "0-1"]
[WhiteElo "743"]
[BlackElo "925"]
[PlyCount "62"]
[EventDate "2016.07.05"]
[EventType "swiss"]
[EventRounds "7"]
[EventCountry "CAN"]

1. Nf3 c5 2. g3 Nc6 3. d4 cxd4 4. Nxd4 Nf6 5. Bg2 e5 6. Nxc6 bxc6 7. O-O Bc5 8.
Nd2 O-O 9. Ne4 Nxe4 10. Bxe4 d5 11. Bg2 Be6 12. b3 Bd4 13. Rb1 Qd7 14. Ba3 Rfd8
15. Qd3 Bf5 16. e4 dxe4 17. Bxe4 Bxe4 18. Qxe4 Qd5 19. Qxd5 cxd5 20. Be7 Rd7
21. Bb4 Rb8 22. a3 Rc8 23. Rbc1 Bb2 24. Rce1 Rxc2 25. Rxe5 Bxe5 26. f4 Bd4+ 27.
Kh1 Rdc7 28. Bd2 Rxd2 29. Re1 g6 30. Re8+ Kg7 31. Re1 Rcc2 0-1

[Event "CYCC U12 w"]
[Site "Windsor CAN"]
[Date "2016.07.07"]
[Round "4.78"]
[White "Boucher, Myriam"]
[Black "D'Hondt, Sarah"]
[Result "1-0"]
[WhiteElo "1167"]
[BlackElo "967"]
[PlyCount "45"]
[EventDate "2016.07.05"]
[EventType "swiss"]
[EventRounds "7"]
[EventCountry "CAN"]

1. e4 e5 2. Nf3 d6 3. d4 Qe7 4. Bc4 c6 5. O-O c5 6. d5 g6 7. Bg5 f6 8. Be3 g5
9. h3 Bh6 10. Re1 a6 11. a4 Qg7 12. Nc3 Ne7 13. h4 Rg8 14. hxg5 Bd7 15. Nh4
fxg5 16. Qh5+ Kf8 17. Nf3 g4 18. Bxh6 Be8 19. Bxg7+ Rxg7 20. Qh6 b5 21. Ng5
bxc4 22. Ne6+ Kf7 23. Qxg7# 1-0

[Event "CYCC U12 w"]
[Site "Windsor CAN"]
[Date "2016.07.07"]
[Round "5.73"]
[White "Tian, Sherry"]
[Black "Tan, Kylie"]
[Result "1/2-1/2"]
[WhiteElo "1387"]
[BlackElo "1620"]
[PlyCount "115"]
[EventDate "2016.07.05"]
[EventType "swiss"]
[EventRounds "7"]
[EventCountry "CAN"]

1. d4 f5 2. c4 e6 3. Nc3 Nf6 4. Nf3 Be7 5. e3 O-O 6. Bd3 d6 7. O-O Qe8 8. b3
Bd8 9. Bb2 Nc6 10. a3 Ne7 11. Qc2 Qh5 12. Ne2 Qg6 13. Ng3 Qe8 14. Rad1 Nh5 15.
c5 d5 16. Nxh5 Qxh5 17. Ne5 c6 18. Qe2 Qg5 19. Qf3 Ng6 20. Nxg6 Qxg6 21. Qg3
Qf7 22. f3 Bc7 23. Qh4 Bd7 24. Bc3 Qe8 25. e4 Rf6 26. e5 Rh6 27. Qf2 Qh5 28. g3
Rf8 29. Bd2 g5 30. Qg2 Bd8 31. b4 Be8 32. Rf2 Qf7 33. Rff1 Kh8 34. Rde1 Qg8 35.
g4 f4 36. Bc3 Bg6 37. Qe2 Bxd3 38. Qxd3 Rg6 39. Rf2 a6 40. Kf1 Kg7 41. Ke2 Qf7
42. Rh1 Rh8 43. h4 gxh4 44. Rg2 h5 45. Be1 hxg4 46. fxg4 Bg5 47. Kf3 Rgh6 48.
Rh3 Qg6 49. Qxg6+ Kxg6 50. Bc3 Rf8 51. Rg1 Rh7 52. Rc1 Be7 53. a4 Bg5 54. a5
Rg8 55. Rd1 Kf7 56. Be1 Ke8 57. Bf2 Rh6 58. Be1 1/2-1/2

[Event "CYCC U12 w"]
[Site "Windsor CAN"]
[Date "2016.07.07"]
[Round "5.74"]
[White "Yang, Elena"]
[Black "He, Emma"]
[Result "1-0"]
[WhiteElo "1159"]
[BlackElo "1474"]
[PlyCount "83"]
[EventDate "2016.07.05"]
[EventType "swiss"]
[EventRounds "7"]
[EventCountry "CAN"]

1. e4 e5 2. Nf3 Nc6 3. Bc4 Nf6 4. d3 Bc5 5. c3 Be7 6. O-O O-O 7. Be3 d6 8. Nbd2
Na5 9. Bb5 a6 10. Ba4 b5 11. Bc2 c5 12. b4 cxb4 13. cxb4 Nc6 14. a3 Ne8 15. d4
f5 16. dxe5 dxe5 17. exf5 Bxf5 18. Bxf5 Rxf5 19. Qc2 Rf6 20. Ng5 g6 21. Qb3+
Kh8 22. Nf7+ Rxf7 23. Qxf7 Nd6 24. Qf3 Nd4 25. Qd1 N6f5 26. Nf3 Bf6 27. Nd2 Qd5
28. Re1 Nh4 29. f3 h5 30. Ne4 Be7 31. Rc1 Rg8 32. Ng3 g5 33. Bxd4 exd4 34. Rxe7
g4 35. Re4 d3 36. Rc5 Qd6 37. Rxh5+ Kg7 38. Rxh4 Qb6+ 39. Kf1 Rd8 40. Rexg4+
Kf8 41. Rh8+ Ke7 42. Rg7+ 1-0

[Event "CYCC U12 w"]
[Site "Windsor CAN"]
[Date "2016.07.07"]
[Round "5.75"]
[White "Periappuram, Moira"]
[Black "Chertkow, Sasha"]
[Result "0-1"]
[WhiteElo "542"]
[BlackElo "1187"]
[PlyCount "160"]
[EventDate "2016.07.05"]
[EventType "swiss"]
[EventRounds "7"]
[EventCountry "CAN"]

1. e4 c5 2. Nf3 d6 3. Bc4 Nf6 4. Nc3 g6 5. d3 Bg7 6. h3 O-O 7. O-O Nc6 8. Bg5
h6 9. Bxf6 exf6 10. Qd2 f5 11. exf5 Bxf5 12. Rae1 Kh7 13. b3 a6 14. Ne4 d5 15.
Neg5+ hxg5 16. Nxg5+ Kg8 17. g4 Nd4 18. gxf5 Qxg5+ 19. Qxg5 Nf3+ 20. Kh1 Nxg5
21. Bxd5 gxf5 22. Bxb7 Ra7 23. Bd5 Nxh3 24. Kh2 Nf4 25. Bf3 f6 26. Kg3 Ng6 27.
Bd5+ Kh7 28. Rh1+ Bh6 29. Be6 f4+ 30. Kg4 Kg7 31. Rh5 Ne5+ 32. Kf5 Rh8 33. Rg1+
Kf8 34. Kxf6 Rg7 35. Rgh1 Nd7+ 36. Kf5 Rgh7 37. b4 Ke7 38. b5 axb5 39. Re1 Rf8+
40. Kg6 Rhh8 41. Bxd7+ Kxd7 42. Rd5+ Kc6 43. Ree5 Rfg8+ 44. Kf7 Rf8+ 45. Ke7
Re8+ 46. Kf6 Rxe5 47. Kxe5 Bg7+ 48. Ke6 Re8+ 49. Kf7 Kxd5 50. Kxe8 Bb2 51. Kd7
c4 52. dxc4+ Kxc4 53. Ke6 Kc3 54. Kf5 Bc1 55. Ke5 Kxc2 56. Kd5 b4 57. Kc4 Bd2
58. f3 Kb2 59. Kd3 Bc3 60. a4 b3 61. Ke4 Ka2 62. Kxf4 b2 63. Kg4 b1=Q 64. f4
Qb4 65. Kf5 Qxa4 66. Kg5 Bd2 67. Kf5 Qxf4+ 68. Ke6 Qg5 69. Kd6 Qf5 70. Ke7 Qg6
71. Kd7 Qf6 72. Ke8 Qg7 73. Kd8 Qf7 74. Kc8 Qe7 75. Kb8 Qd7 76. Ka8 Kb3 77. Kb8
Kb4 78. Ka8 Kb5 79. Kb8 Kb6 80. Ka8 Qb7# 0-1